<?xml version="1.0" encoding="UTF-8"?>
<collection xmlns="http://www.loc.gov/MARC21/slim">
 <record>
  <leader>00520pamaa2200157   4500</leader>
  <controlfield tag="001">0000024881</controlfield>
  <controlfield tag="005">20060516090000.0</controlfield>
  <datafield tag="020" ind1="0" ind2="0">
   <subfield code="a">9679786250 </subfield>
  </datafield>
  <datafield tag="082" ind1=" " ind2=" ">
   <subfield code="a">332.67509595 PHA 1998</subfield>
  </datafield>
  <datafield tag="090" ind1="0" ind2="0">
   <subfield code="a">HG4538 </subfield>
   <subfield code="b">PHA 1998</subfield>
  </datafield>
  <datafield tag="100" ind1="1" ind2="0">
   <subfield code="a">PHANG HOOI ENG </subfield>
  </datafield>
  <datafield tag="245" ind1="1" ind2="0">
   <subfield code="a">Foreign direct investment : </subfield>
   <subfield code="b">a study of Malaysia's balance of payments position  </subfield>
   <subfield code="c">Phang Hooi Eng.</subfield>
  </datafield>
  <datafield tag="260" ind1="0" ind2="0">
   <subfield code="a">Kelana Jaya: </subfield>
   <subfield code="b">Pelanduk Publications, </subfield>
   <subfield code="c">1998.</subfield>
  </datafield>
  <datafield tag="300" ind1=" " ind2=" ">
   <subfield code="a">95p.; </subfield>
   <subfield code="c">22cm.</subfield>
  </datafield>
  <datafield tag="650" ind1="0" ind2="0">
   <subfield code="a">Investments, forign -- </subfield>
   <subfield code="z">Malaysia </subfield>
  </datafield>
  <datafield tag="650" ind1="0" ind2="0">
   <subfield code="a">Balance of payments -- </subfield>
   <subfield code="z">Malaysia </subfield>
  </datafield>
 </record>
</collection>
